000 04164cam a22004214a 4500
001 16526326
003 OSt
005 20150408114109.0
008 101101s2011 enka b 001 0 eng
010 _a 2010045993
016 7 _a015766985
_2Uk
020 _a9780521853835 (hardback)
020 _a0521853834 (hardback)
020 _a9780521619974 (pbk.)
020 _a0521619971 (pbk.)
035 _a(OCoLC)ocn678924404
040 _aDLC
_cDLC
_dYDX
_dYDXCP
_dBWX
_dIUL
_dUKMGB
_dMIX
_dDLC
042 _apcc
050 0 0 _aHM741
_b.F33 2011
082 0 0 _a302.30285
_222
_bFAC
084 _aPSY031000
_2bisacsh
245 0 0 _aFace-to-face communication over the Internet :
_bemotions in a web of culture, language, and technology /
_c[edited by] Arvid Kappas, Nicole C. Krämer.
260 _aCambridge, UK ;
_aNew York :
_bCambridge University Press,
_c2011.
300 _axvi, 291 p. :
_bill. ;
_c23 cm.
490 1 _aStudies in emotion and social interaction, second series
504 _aIncludes bibliographical references and index.
505 0 0 _tIntroduction: electronically mediated face-to-face communication: issues, questions, and challenges /
_rArvid Kappas and Nicole C. Krämer --
_gPart 1.
_tGeneral Aspects of Visual Cues in CMC:
_g1.
_tVisual cues in computer-mediated communication: sometimes less is more /
_rJoseph B. Walther;
_g2.
_tTo be seen or not to be seen: the presentation of facial information in everyday telecommunications /
_rJosé-Miguel Fernández-Dols and Pilar Carrera;
_g3.
_tGendered social interactions in face-to-face and computer-mediated communication /
_rAgneta Fischer --
_gPart 2.
_tVideo- and Avatar-Based Communication:
_g4.
_tNonverbal communication and cultural differences: issues for face-to-face communication over the internet /
_rPio Enrico Ricci Bitti and Pier Luigi Garotti;
_g5.
_tVideo-linking emotions /
_rBrian Parkinson and Martin Lea;
_g6.
_tImpact of social anxiety on the processing of emotional information in video-mediated interaction /
_rPierre Philippot and Céline Douilliez;
_g7.
_tFacing the future: emotion communication and the presence of others in the age of video-mediated communication /
_rAntony S.R. Manstead, Martin Lea, and Jeannine Goh;
_g8.
_tVirtual gestures: embodiment and non-verbal behavior in computer-mediated communication /
_rGary Bente and Nicole C. Krämer --
_gPart 3.
_tEmotions and Visual Cues in HCI:
_g9.
_tEmotions in human-computer interaction /
_rVeikko Surakka and Toni Vanhala;
_g10.
_tEmbodiment and expressive communication on the internet /
_rElisabeth Oberzaucher, Karl Gramme,r and Susanne Schmehl.
520 _a"Social platforms such as MySpace, Facebook and Twitter have rekindled the initial excitement of cyberspace. Text based computer-mediated communication has been enriched with face-to-face communication such as Skype, as users move from desk tops to laptops with integrated cameras and related hardware. Age, gender and culture barriers seem to have crumbled and disappeared as the user base widens dramatically. Other than simple statistics relating to e-mail usage, chatrooms and blog subscriptions, we know surprisingly little about the rapid changes taking place. This book assembles leading researchers on non-verbal communication, emotion, cognition and computer science to summarize what we know about the processes relevant to face-to-face communication as it pertains to telecommunication, including video-conferencing. The authors take stock of what has been learned regarding how people communicate, in person or over distance, and set the foundations for solid research helping to understand the issues, implications and possibilities that lie ahead"--Provided by publisher.
650 0 _aSocial networks.
_910576
650 0 _aInternet
_xSocial aspects.
_910574
650 0 _aTeleconferencing.
_919352
700 1 _aKappas, Arvid.
_919353
700 1 _aKrämer, Nicole C.
_919354
830 0 _aStudies in emotion and social interaction.
_nSecond series.
_919355
906 _a7
_bcbc
_corignew
_d1
_eecip
_f20
_gy-gencatlg
942 _2ddc
_cDVD
999 _c26754
_d261254